Witch of Portobello (Record no. 174099)

MARC details
000 -LEADER
fixed length control field 00342nam a2200145Ia 4500
008 - FIXED-LENGTH DATA ELEMENTS--GENERAL INFORMATION
fixed length control field 230917s9999||||xx |||||||||||||| ||und||
040 ## - CATALOGING SOURCE
-- 204575
Original cataloging agency VIVEKANANDA LIBRARY
041 ## - Language
-- English
082 ## - DDC NUMBER
Classification number 869.3 C65W
100 ## - MAIN ENTRY--PERSONAL NAME
Personal name Coelho, Paulo
245 #0 - TITLE STATEMENT
Title Witch of Portobello
260 ## - PUBLICATION, DISTRIBUTION, ETC. (IMPRINT)
Place of publication, distribution, etc Noida
Name of publisher, distributor, etc Harper Collins
Date of publication, distribution, etc 2007
300 ## - PHYSICAL DESCRIPTION
Pages 329 p.
942 ## - ADDED ENTRY ELEMENTS (KOHA)
Koha item type Books
Holdings
Withdrawn status Lost status Damaged status Not for loan Location (home branch) Sublocation or collection (holding branch) Date acquired Koha issues (times borrowed) Koha full call number Accession No. Koha date last seen Koha item type
        VIVEKANANDA LIBRARY VIVEKANANDA LIBRARY 05/01/2013 1 869.3 C65W 326760 08/04/2026 Books
© Designed and Maintained by Vivekananda Library, MDU Rohtak